<?xml version="1.0" encoding="UTF-8"?>
<record
    xmlns:xsi="http://www.w3.org/2001/XMLSchema-instance"
    xsi:schemaLocation="http://www.loc.gov/MARC21/slim http://www.loc.gov/standards/marcxml/schema/MARC21slim.xsd"
    xmlns="http://www.loc.gov/MARC21/slim">

  <leader>00721nam a22001217a 4500</leader>
  <datafield tag="040" ind1=" " ind2=" ">
    <subfield code="c">RUA</subfield>
  </datafield>
  <datafield tag="082" ind1=" " ind2=" ">
    <subfield code="a">LMA NOU 2025 B701 Or.1</subfield>
  </datafield>
  <datafield tag="100" ind1=" " ind2=" ">
    <subfield code="a">NOUN SREYPICH, &#x178E;&#x17BC;&#x1793; &#x179F;&#x17D2;&#x179A;&#x17B8;&#x1796;&#x17C1;&#x1787;&#x17D2;&#x179A;</subfield>
  </datafield>
  <datafield tag="245" ind1=" " ind2=" ">
    <subfield code="a">Study on land transfer during systematic land registration in ballangk commune, baray district,kampong thom province, &#x179F;&#x17B7;&#x1780;&#x17D2;&#x179F;&#x17B6;&#x1796;&#x17B8;&#x1780;&#x17B6;&#x179A;&#x1795;&#x17D2;&#x1791;&#x17C1;&#x179A;&#x179F;&#x17B7;&#x1791;&#x17D2;&#x1792;&#x178A;&#x17B8;&#x1792;&#x17D2;&#x179B;&#x17B8;&#x17A2;&#x17C6;&#x17A1;&#x17BB;&#x1784;&#x1796;&#x17C1;&#x179B;&#x1785;&#x17BB;&#x17C7;&#x1794;&#x1789;&#x17D2;&#x1787;&#x17B8;&#x178A;&#x17B8;&#x1792;&#x17D2;&#x179B;&#x17B8;&#x179B;&#x1780;&#x17D2;&#x1781;&#x178E;&#x17C8;&#x1787;&#x17B6;&#x1794;&#x17D2;&#x179A;&#x1796;&#x17D0;&#x1793;&#x17D2;&#x1792; &#x1793;&#x17C5;&#x1783;&#x17BB;&#x17C6;&#x1794;&#x179B;&#x17D2;&#x179B;&#x17D0;&#x1784;&#x17D2;&#x1780; &#x179F;&#x17D2;&#x179A;&#x17BB;&#x1780;&#x1794;&#x17B6;&#x179A;&#x17B6;&#x1799;&#x178E;&#x17CD; &#x1781;&#x17C1;&#x178F;&#x17D2;&#x178F;&#x1780;&#x17C6;&#x1796;&#x1784;&#x17CB;&#x1792;&#x17C6;</subfield>
  </datafield>
  <datafield tag="260" ind1=" " ind2=" ">
    <subfield code="a">PHNOM PENH</subfield>
    <subfield code="b">RUA</subfield>
    <subfield code="c">2025</subfield>
  </datafield>
  <datafield tag="300" ind1=" " ind2=" ">
    <subfield code="a">x,50p.</subfield>
    <subfield code="b">ill.</subfield>
    <subfield code="c">29cm.</subfield>
  </datafield>
  <datafield tag="942" ind1=" " ind2=" ">
    <subfield code="c">LMA</subfield>
  </datafield>
  <datafield tag="999" ind1=" " ind2=" ">
    <subfield code="c">25794</subfield>
    <subfield code="d">25794</subfield>
  </datafield>
  <datafield tag="952" ind1=" " ind2=" ">
    <subfield code="0">0</subfield>
    <subfield code="1">0</subfield>
    <subfield code="4">0</subfield>
    <subfield code="6">LMA_NOU_2025_000000000000000_B701_OR_1</subfield>
    <subfield code="7">0</subfield>
    <subfield code="9">106462</subfield>
    <subfield code="a">LBB</subfield>
    <subfield code="b">LBB</subfield>
    <subfield code="c">B701</subfield>
    <subfield code="d">2026-05-22</subfield>
    <subfield code="o">LMA NOU 2025 B701 Or.1</subfield>
    <subfield code="p">B712991</subfield>
    <subfield code="r">2026-05-22</subfield>
    <subfield code="y">LMA</subfield>
  </datafield>
  <datafield tag="952" ind1=" " ind2=" ">
    <subfield code="0">0</subfield>
    <subfield code="1">0</subfield>
    <subfield code="4">0</subfield>
    <subfield code="6">LMA_NOU_2025_000000000000000_B701_OR_2</subfield>
    <subfield code="7">0</subfield>
    <subfield code="9">106463</subfield>
    <subfield code="a">LBB</subfield>
    <subfield code="b">LBB</subfield>
    <subfield code="c">B701</subfield>
    <subfield code="d">2026-05-22</subfield>
    <subfield code="o">LMA NOU 2025 B701 Or.2</subfield>
    <subfield code="p">B712960</subfield>
    <subfield code="r">2026-05-22</subfield>
    <subfield code="y">LMA</subfield>
  </datafield>
</record>
